书目信息 |
| 题名: |
袖珍字海
|
|
| 作者: | 缪咏禾 , 赵所生 主编 ;本书编写组 编 | |
| 分册: | ||
| 出版信息: | 南京 江苏教育出版社 1994.1 |
|
| 页数: | 244,1238页 | |
| 开本: | 19cm | |
| 丛书名: | ||
| 单 册: | ||
| 中图分类: | H163 , H12-61 | |
| 科图分类: | ||
| 主题词: | 汉字-字典 , 字典-汉字 , 汉字--文字学 | |
| 电子资源: | ||
| ISBN: | 7-5343-2006-2 | |
| 000 | 00927nam0 2200289 45 | |
| 001 | 0194038691 | |
| 005 | 20061101171642.20 | |
| 010 | @a7-5343-2006-2@b精装@dCNY23.60 | |
| 100 | @a19940804d1994 em y0chiy0121 ea | |
| 101 | 0 | @achi |
| 102 | @aCN@b320000 | |
| 105 | @ay e 001yy | |
| 200 | 10 | @a袖珍字海@AXIU ZHEN ZI HAI@f赵所生,缪咏禾主编@FZHAO SUO SHENG , MIAO YONG HE ZHU BIAN@g《袖珍字海》编写组编写 |
| 210 | @a南京@c江苏教育出版社@d1994.1 | |
| 215 | @a244,1238页@d19cm | |
| 330 | @a本字典收列单字30,165个,单字条目下包括字头、注音、释文和举例,可按笔画和拼音检索。 | |
| 540 | 1 | @a字海@AZI HAI |
| 606 | @a汉字-字典 | |
| 606 | @a字典-汉字 | |
| 606 | 0 | @a汉字@x文字学 |
| 690 | @aH163@v三版 | |
| 690 | @aH12-61@v3 | |
| 701 | 0 | @a缪咏禾@AMIAO YONG HE@4主编 |
| 701 | 0 | @a赵所生@AZHAO SUO SHENG@4主编 |
| 712 | A2 | @a本书编写组@ABEN SHU BIAN XIE ZU@4编 |
| 801 | 0 | @aCN@bTSSF@c20061101 |
| 905 | @a10447@dH12-61@e68 | |
| 袖珍字海/赵所生,缪咏禾主编/《袖珍字海》编写组编写.-南京:江苏教育出版社,1994.1 |
| 244,1238页;19cm |
| ISBN 7-5343-2006-2(精装):CNY23.60 |
| 本字典收列单字30,165个,单字条目下包括字头、注音、释文和举例,可按笔画和拼音检索。 |
| ● |
| 相关链接 |
|
|
|
|
正题名:袖珍字海
索取号:H12-61/68
 
预约/预借
| 序号 | 登录号 | 条形码 | 馆藏地/架位号 | 状态 | 备注 |
| 1 | 0263016 | 001566594 | 第二样本阅览室/ [索取号:H12-61/68] | 在馆 |